| 000 | 00744nam a2200241 u 4500 | ||
|---|---|---|---|
| 005 | 20250110063756.0 | ||
| 008 | 120704s2000 r 000 0 eng d | ||
| 020 | _a8426115160 | ||
| 035 | _aUPN01000185689 | ||
| 049 | _aCG | ||
| 050 | 4 |
_aF1230 _bD4.3 2000 |
|
| 100 | 1 | _aDescola, Jean | |
| 245 | 1 | 0 |
_aHernán Cortés / _cJean Descola ; tr. de Consuelo Berges. |
| 250 | _a2a ed. | ||
| 260 |
_aBarcelona, Esp. : _bJuventud, _c2000. |
||
| 300 |
_a157 p. : _bmapas |
||
| 440 | 0 |
_aLibros de bolsillo Z. _pBiografías |
|
| 600 | 1 | 4 |
_aCORTES, HERNAN, _d1485-1547 |
| 651 | 4 |
_aAmérica _xDescubrimiento y exploración _92370 |
|
| 651 | 4 |
_aMéxico _xHistoria _yDescubrimiento y conquista, 1517-1521 _911526 |
|
| 905 | _aLibro | ||
| 999 |
_c157792 _d157792 |
||